Top 10 mejores selecciones de la FIBA en cada año - Estadísticas

Estadísticas generales
  • Esta prueba ha sido intentada 75 veces
  • La puntuación promedio es 88 de 100
Estadísticas de respuestas
2014 % Correcto
España
100%
Francia
100%
Argentina
97%
Alemania
95%
Brasil
95%
Estados Unidos
94%
Italia
92%
Croacia
87%
Rusia
87%
Serbia
87%
Canadá
85%
Grecia
85%
Australia
84%
Eslovenia
82%
Lituania
76%
Turquía
63%
Letonia
55%
República Checa
37%
No se encontraron pruebas coincidentes
Distribución de puntuación
Porcentaje de gente con cada puntuación
Porcentaje por número respondido
Historial de tus puntuaciones
No has intentado esta prueba.